000 00300nam a22001337a 4500
008 170630b xxu||||| |||| 00| 0 eng d
020 _a9780879052980
041 _aeng
080 _a94
100 _a18
101 _a18
245 _aTHE NATURAL HISTORY ESSAYS
_cTHOREAL.H.D
942 _2udc
_cBK
999 _c19765
_d19765